[Event "Ruhrgebiet VK2 0708"]
[Site "Germany"]
[Date "2008.02.03"]
[Round "6.3"]
[White "Watzlawek, Markus"]
[Black "Klups, Christoph"]
[Result "1-0"]
[WhiteElo "1962"]
[BlackElo "1964"]
[PlyCount "69"]
[EventDate "2007.09.16"]
[EventType "team"]
[EventRounds "9"]
[EventCountry "GER"]
[SourceTitle "EXT 2009"]
[Source "ChessBase"]
[SourceDate "2008.11.26"]
[SourceVersion "1"]
[SourceVersionDate "2008.11.26"]
[SourceQuality "1"]
[WhiteTeam "Dortmund Hansa III"]
[BlackTeam "Listiger Bauer"]
[WhiteTeamCountry "GER"]
[BlackTeamCountry "GER"]

1. d4 Nf6 2. c4 e6 3. g3 c5 4. d5 d6 5. Nc3 exd5 6. cxd5 Na6 7. Bg2 Be7 8. Nf3 0-0 9. 0-0 Nc7 10. a4 Re8 11. Nd2 Bf8 12. Re1 b6 13. Nc4 Rb8 14. e4 Bg4 15. f3 Bc8 16. Bf4 Ba6 17. b3 Nh5 18. Be3 g5 19. f4 Bxc4 20. bxc4 gxf4 21. Qg4+ Bg7 22. gxf4 f5 23. Qxh5 Bxc3 24. Qxf5 Qh4 25. Bf2 Qh6 26. Ra3 Rf8 27. Qg4+ Qg7 28. Qxg7+ Bxg7 29. e5 Rxf4 30. exd6 Na6 31. d7 Rbf8 32. Re8 Bf6 33. Bh3 Bd8 34. Be6+ Kg7 35. Rg3+ 1-0

[Event "Ruhrgebiet VK2 0708"]
[Site "Germany"]
[Date "2007.12.09"]
[Round "4.4"]
[White "Nowicki, Heiko"]
[Black "Klups, Christoph"]
[Result "1-0"]
[WhiteElo "2064"]
[BlackElo "2150"]
[PlyCount "81"]
[EventDate "2007.09.16"]
[EventType "team"]
[EventRounds "9"]
[EventCountry "GER"]
[SourceTitle "EXT 2009"]
[Source "ChessBase"]
[SourceDate "2008.11.26"]
[SourceVersion "1"]
[SourceVersionDate "2008.11.26"]
[SourceQuality "1"]
[WhiteTeam "Laufer Wanne"]
[BlackTeam "Listiger Bauer"]
[WhiteTeamCountry "GER"]
[BlackTeamCountry "GER"]

1. e4 c5 2. Nf3 d6 3. d3 Nc6 4. Nbd2 g6 5. g3 Bg7 6. Bg2 Bg4 7. h3 Bd7 8. 0-0 h6 9. a4 Nf6 10. Nc4 Qc8 11. Kh2 Nh7 12. Bf4 Qc7 13. g4 g5 14. Bg3 Nf8 15. Re1 Ng6 16. Qc1 h5 17. Nxg5 h4 18. Bf4 Bh6 19. e5 dxe5 20. Be3 Nf4 21. Ne4 Nd4 22. Nf6+ Kd8 23. Nxd7 Nxg2 24. Kxg2 Qxd7 25. Bxh6 Qc6+ 26. Re4 f5 27. Nxe5 Qd5 28. c4 Qe6 29. Rxd4+ cxd4 30. Bf4 fxg4 31. Nxg4 Rf8 32. Qd2 Qf5 33. Be5 Rg8 34. Qa5+ Ke8 35. Qb5+ Kf7 36. Qd5+ e6 37. Qxb7+ Kg6 38. Qe7 Raf8 39. Qxh4 Qf3+ 40. Kh2 Rf5 41. Qh6+ 1-0

[Event "Ruhrgebiet VK2 0708"]
[Site "Germany"]
[Date "2007.11.18"]
[Round "3.4"]
[White "Klups, Christoph"]
[Black "Zemskyi, Evgen"]
[Result "1-0"]
[WhiteElo "2150"]
[BlackElo "1902"]
[PlyCount "45"]
[EventDate "2007.09.16"]
[EventType "team"]
[EventRounds "9"]
[EventCountry "GER"]
[SourceTitle "EXT 2009"]
[Source "ChessBase"]
[SourceDate "2008.11.26"]
[SourceVersion "1"]
[SourceVersionDate "2008.11.26"]
[SourceQuality "1"]
[WhiteTeam "Listiger Bauer"]
[BlackTeam "Horst Emscher II"]
[WhiteTeamCountry "GER"]
[BlackTeamCountry "GER"]

1. d4 Nf6 2. c4 e6 3. Nc3 d5 4. Nf3 c6 5. Bg5 Nbd7 6. e3 Qa5 7. cxd5 Nxd5 8. Qd2 Bb4 9. Rc1 0-0 10. e4 Nxc3 11. bxc3 Ba3 12. Rb1 e5 13. Bc4 exd4 14. cxd4 Qxd2+ 15. Nxd2 Re8 16. 0-0 Nb6 17. d5 cxd5 18. exd5 Nxd5 19. Bxd5 Re5 20. Rbe1 Rxg5 21. Re8+ Bf8 22. Bf3 f6 23. Rc1 1-0

[Event "Ruhrgebiet VK1 0405"]
[Site "Ruhrgebiet"]
[Date "2004.11.28"]
[Round "4.3"]
[White "Dewald, Christian"]
[Black "Klups, Christoph"]
[Result "1-0"]
[WhiteElo "1853"]
[BlackElo "1944"]
[PlyCount "85"]
[EventDate "2004.09.12"]
[EventType "team"]
[EventRounds "9"]
[EventCountry "GER"]
[SourceTitle "EXT 2006"]
[Source "ChessBase"]
[SourceDate "2005.11.24"]
[SourceVersion "1"]
[SourceVersionDate "2005.11.24"]
[SourceQuality "1"]
[WhiteTeam "Gelsenkirchen II"]
[BlackTeam "Essen West II"]
[WhiteTeamCountry "GER"]
[BlackTeamCountry "GER"]

1. d4 Nf6 2. c4 g6 3. Nc3 Bg7 4. e4 d6 5. f3 0-0 6. Be3 e5 7. d5 Nbd7 8. Qd2 a5 9. Bd3 Nc5 10. Bc2 a4 11. Nge2 Bd7 12. 0-0 Nh5 13. b4 axb3 14. axb3 Qe7 15. b4 Na6 16. Rab1 f5 17. Bd3 f4 18. Bf2 g5 19. c5 Bh6 20. c6 bxc6 21. dxc6 Be6 22. Nd5 Bxd5 23. exd5 g4 24. fxg4 Qg7 25. Nc3 f3 26. Be3 Bxe3+ 27. Qxe3 Qxg4 28. Rxf3 Rxf3 29. Qxf3 Qd4+ 30. Kh1 Nf4 31. Bf5 Nxb4 32. Qg4+ Ng6 33. Qxd4 exd4 34. Nb5 Na6 35. Nxd4 Ne7 36. Be6+ Kg7 37. h3 Kf6 38. Re1 Nb4 39. Rf1+ Ke5 40. Nf3+ Kf6 41. Nd4+ Kg7 42. Bf7 Kh6 43. Ne6 1-0

[Event "Ruhrgebiet VK1 0405"]
[Site "Ruhrgebiet"]
[Date "2004.09.12"]
[Round "1.2"]
[White "Klups, Christoph"]
[Black "Hoefker, Mathias"]
[Result "0-1"]
[WhiteElo "1944"]
[BlackElo "2151"]
[PlyCount "48"]
[EventDate "2004.09.12"]
[EventType "team"]
[EventRounds "9"]
[EventCountry "GER"]
[SourceTitle "EXT 2006"]
[Source "ChessBase"]
[SourceDate "2005.11.24"]
[SourceVersion "1"]
[SourceVersionDate "2005.11.24"]
[SourceQuality "1"]
[WhiteTeam "Essen West II"]
[BlackTeam "Recklinghausen Sued"]
[WhiteTeamCountry "GER"]
[BlackTeamCountry "GER"]

1. e4 e5 2. Nf3 Nc6 3. Bb5 a6 4. Ba4 d6 5. h3 f5 6. d3 Nf6 7. Nc3 Be7 8. Bg5 0-0 9. Bxf6 Bxf6 10. Bb3+ Kh8 11. Ne2 Na5 12. Ng3 Nxb3 13. axb3 f4 14. Ne2 c6 15. c3 Qe8 16. Qc2 Qg6 17. Rg1 d5 18. c4 Be6 19. Nc3 dxc4 20. dxc4 b5 21. cxb5 axb5 22. Ke2 Rxa1 23. Rxa1 Qxg2 24. Ra6 Bxh3 0-1

[Event "Ruhrgebiet VK1 0304"]
[Site "Ruhrgebiet"]
[Date "2003.11.09"]
[Round "3.3"]
[White "Nebel, Uwe"]
[Black "Klups, Christoph"]
[Result "0-1"]
[WhiteElo "1851"]
[BlackElo "1935"]
[PlyCount "60"]
[EventDate "2003.09.28"]
[EventType "team"]
[EventRounds "9"]
[EventCountry "GER"]
[SourceTitle "EXT 2007"]
[Source "ChessBase"]
[SourceDate "2006.11.23"]
[SourceVersion "1"]
[SourceVersionDate "2006.11.23"]
[SourceQuality "1"]
[WhiteTeam "Drewer SG"]
[BlackTeam "Essen Listiger Bauer"]
[WhiteTeamCountry "GER"]
[BlackTeamCountry "GER"]

1. e4 e5 2. Nf3 Nc6 3. Bb5 a6 4. Ba4 Nf6 5. 0-0 Be7 6. Re1 b5 7. Bb3 0-0 8. c3 d5 9. exd5 Nxd5 10. Nxe5 Nxe5 11. Rxe5 c6 12. d4 Bd6 13. Re1 Qh4 14. g3 Qh3 15. Be3 Bg4 16. Qd3 f5 17. Bxd5+ cxd5 18. f4 Rae8 19. Qf1 Qh5 20. Nd2 Re6 21. Qg2 Rfe8 22. Qxd5 Qf7 23. Nf1 Qh5 24. Qg2 Bf3 25. Qf2 Bd5 26. a4 g5 27. fxg5 Qg4 28. Bf4 Bxf4 29. Rxe6 Rxe6 30. Qxf4 Qe2 0-1

[Event "Borbecker Oster op 8th"]
[Site "Essen"]
[Date "2002.03.28"]
[Round "3.2"]
[White "Henrichs, Thomas"]
[Black "Klups, Christoph"]
[Result "1/2-1/2"]
[WhiteElo "2459"]
[BlackElo "2160"]
[PlyCount "89"]
[EventDate "2002.03.27"]
[EventType "swiss"]
[EventRounds "9"]
[EventCountry "GER"]
[SourceTitle "CBM 087 Extra"]
[Source "ChessBase"]
[SourceDate "2002.05.03"]
[SourceVersion "2"]
[SourceVersionDate "2002.08.09"]
[SourceQuality "1"]

1. d4 Nf6 2. c4 c5 3. d5 d6 4. Nc3 e5 5. e4 g6 6. Bd3 Bg7 7. Nge2 Nh5 8. 0-0 a6 9. Be3 0-0 10. Qd2 f5 11. exf5 gxf5 12. f3 Bd7 13. Rab1 a5 14. a3 Na6 15. Nb5 Qe7 16. Nec3 b6 17. Bc2 Kh8 18. Rbe1 Bf6 19. f4 e4 20. g3 Rg8 21. Rf2 Bxb5 22. Nxb5 Nc7 23. Nc3 Qf7 24. Rg2 Be7 25. Bd1 Nf6 26. h3 Rg7 27. g4 Rag8 28. g5 Nd7 29. Be2 Rb8 30. Rb1 Rgg8 31. h4 Bf8 32. Kh2 Bg7 33. Rf1 b5 34. cxb5 Nb6 35. Rd1 a4 36. h5 Bf8 37. h6 Rg6 38. Kg1 Bxh6 39. Bh5 Bf8 40. Bxg6 Qxg6 41. Qe2 Bg7 42. Rh2 Qf7 43. Kf2 Kg8 44. Rdh1 Ncxd5 45. Rxh7 1/2-1/2

[Event "Ruhrgebiet VK1 0001"]
[Site "Ruhrgebiet"]
[Date "2001.05.13"]
[Round "9"]
[White "Weyh, Thomas"]
[Black "Klups, Christoph"]
[Result "1-0"]
[WhiteElo "1949"]
[BlackElo "1992"]
[PlyCount "75"]
[EventDate "2000.09.17"]
[EventType "team-tourn"]
[EventRounds "9"]
[EventCountry "GER"]
[SourceTitle "EXT 2023"]
[Source "ChessBase"]
[SourceDate "2022.10.05"]
[SourceVersion "1"]
[SourceVersionDate "2022.10.05"]
[SourceQuality "1"]
[WhiteTeam "Oberhausen II"]
[BlackTeam "Essen Listiger Bauer"]
[WhiteTeamCountry "GER"]
[BlackTeamCountry "GER"]

1. e4 e5 2. Nf3 Nc6 3. d4 exd4 4. Nxd4 Bc5 5. Be3 Qf6 6. c3 Qg6 7. Nb5 Bxe3 8. fxe3 Kd8 9. Nd2 Nf6 10. Qc2 Re8 11. 0-0-0 Ng4 12. Re1 d6 13. c4 Nf2 14. Rg1 Nxe4 15. Nxe4 Qxe4 16. Bd3 Qe5 17. a3 a6 18. Nc3 Be6 19. g4 h6 20. Ne4 f6 21. h3 Kd7 22. Ng3 b5 23. cxb5 axb5 24. Be4 Bd5 25. Bf5+ Kd8 26. Bg6 Re7 27. Nf5 Nb4 28. axb4 Be4 29. Nxe7 Ra1+ 30. Kd2 Qh2+ 31. Re2 Qxg1 32. Bxe4 Kxe7 33. Qxc7+ Kf8 34. Qxd6+ Kf7 35. Bd5+ Kg6 36. Be4+ Kf7 37. Qd7+ Kf8 38. Qd8+ 1-0

[Event "Ruhrgebiet VK1 0001"]
[Site "Ruhrgebiet"]
[Date "2001.02.18"]
[Round "6"]
[White "Klups, Christoph"]
[Black "Zimmermann, Dirk"]
[Result "0-1"]
[WhiteElo "1992"]
[BlackElo "2103"]
[PlyCount "78"]
[EventDate "2000.09.17"]
[EventType "team-tourn"]
[EventRounds "9"]
[EventCountry "GER"]
[SourceTitle "EXT 2023"]
[Source "ChessBase"]
[SourceDate "2022.10.05"]
[SourceVersion "1"]
[SourceVersionDate "2022.10.05"]
[SourceQuality "1"]
[WhiteTeam "Essen Listiger Bauer"]
[BlackTeam "Doppelbauer Brambauer"]
[WhiteTeamCountry "GER"]
[BlackTeamCountry "GER"]

1. e4 g6 2. d4 Bg7 3. c4 d6 4. Nc3 Nf6 5. Nf3 0-0 6. Be2 Nbd7 7. 0-0 e5 8. h3 c6 9. dxe5 dxe5 10. Qc2 Re8 11. Bg5 h6 12. Be3 Qe7 13. Rfd1 a5 14. Na4 Nh5 15. Rd2 Nf4 16. Bf1 c5 17. Rad1 Ne6 18. Ne1 Nd4 19. Qc1 Ra6 20. Nc3 Rc6 21. Nd5 Qd6 22. Rd3 g5 23. a3 Nf6 24. h4 Nxe4 25. hxg5 hxg5 26. Bxg5 Bf5 27. Bh4 Bh6 28. f4 Bxf4 29. Nxf4 exf4 30. Nf3 Qh6 31. Nxd4 cxd4 32. Be1 Kg7 33. Rxd4 Rh8 34. Rxe4 Qh2+ 35. Kf2 Bxe4 36. Qc3+ Kg6 37. Qe5 Re6 38. Rd6 Qg3+ 39. Kg1 Qe3+ 0-1

[Event "Ruhrgebiet VK1 0001"]
[Site "Ruhrgebiet"]
[Date "2001.01.21"]
[Round "5"]
[White "Grosse Frintrop, Gerd"]
[Black "Klups, Christoph"]
[Result "1-0"]
[WhiteElo "1976"]
[BlackElo "1992"]
[PlyCount "33"]
[EventDate "2000.09.17"]
[EventType "team-tourn"]
[EventRounds "9"]
[EventCountry "GER"]
[SourceTitle "EXT 2023"]
[Source "ChessBase"]
[SourceDate "2022.10.05"]
[SourceVersion "1"]
[SourceVersionDate "2022.10.05"]
[SourceQuality "1"]
[WhiteTeam "Buer SF"]
[BlackTeam "Essen Listiger Bauer"]
[WhiteTeamCountry "GER"]
[BlackTeamCountry "GER"]

1. d4 Nf6 2. c4 e6 3. Nc3 Bb4 4. Qc2 b6 5. a3 Bxc3+ 6. Qxc3 Ne4 7. Qc2 Bb7 8. Nf3 d6 9. g3 Nd7 10. Bg2 f5 11. Ng5 Qf6 12. Nxe4 fxe4 13. Bxe4 d5 14. cxd5 Qxd4 15. Be3 Qe5 16. Bf4 Qf6 17. dxe6 1-0